000 01098nam a22002657a 4500
001 79519
003 BD-RjUL
005 20220616103824.0
008 220308s2001 bg a|||| m||| 00| 0 eng d
035 _a(BD-RjUL)79519
040 _aBD-RjUL
_beng
_cBD-RjUL
_dBD-RjUL
041 _aeng
082 _223
_a331.110954
_bMOL 2001
100 _aMondal, Md. Nazrul Islam
_91758
245 1 0 _aThe labour Force Dynamic of SAARC Countries :
_b - A comparative study /
_cBy Md. Nazrul Islam Mondal ;
_6Supervisors : M. Korban Ali & A. S. A. Noor
260 _aRajshahi :
_bDepartment of Population Science And Human Resource Development, University of Rajshahi,
_c2001
300 _axvii, 216 leaves :
_bill, ;
_c29.cm.
502 _aThesis(Ph. D.) -- Department of Population Science And Human Resource Development, University of Rajshahi, 2001
504 _aBibliography: Leaves 206 - 216
600 _y
_93647
650 _aLabor supply
_zSAARC Countries
_xStatistics.
_93648
700 _aAli, M. Korban, Supervisor
_91761
700 _aNoor, A. S. A. jt.Supervisor
_93646
942 _2ddc
_cTHE
999 _c79519
_d79519